00683nam a2200193Ia 4500008004100000020000700041082001700048100001900065245008700084250000700171260003600178300002800214500001900242600002100261650005000282942000700332952013500339999001500474240925s9999 xx 000 0 und d aNA a005.7565 ORA aOracle Press - 0aOracle Eeducation: knowledge performance success developer 12000: Builder repotrs  aNA aNew York:bOracal Pressc,1998. axi,432p.bv-1fOriginal aIncludes Index aComputer Science aComputer science, information & general works cBK 001040708CSaUITUbUITUd2002-03-07eParamount Book Pvt Ltdg75.00l0o005.7565 ORApQ4414r2024-09-25 07:13:30w2024-09-25yBK c6913d6913